[Event "Staatsliga B/Mitte"]
[Site "Traun"]
[Date "1998.11.29"]
[Round "3.4"]
[White "Schlingensiepen, Christian"]
[Black "Knoll, Hermann"]
[Result "0-1"]
[WhiteElo "2340"]
[BlackElo "2325"]
[PlyCount "71"]
[EventDate "1998.11.27"]

1. e4 e5 2. Nf3 Nc6 3. Bc4 Nf6 4. d3 Bc5 5. c3 O-O 6. O-O d6 7. Nbd2 Bb6 8. a4
Bg4 9. Bb3 a6 10. Nc4 Ba7 11. Bg5 h6 12. Bh4 g5 13. Bg3 Ne7 14. Ne3 Bh5 15. Bc2
c5 16. h4 Qd7 17. Qe2 Kg7 18. Bd1 Rh8 19. Qd2 Bxf3 20. Bxf3 Rag8 21. Rab1 Kf8
22. b4 cxb4 23. Rxb4 Bc5 24. Rb2 Nc6 25. Rfb1 b6 26. Nd5 Nxd5 27. exd5 Na5 28.
d4 Nc4 29. Qd3 Nxb2 30. Rxb2 exd4 31. cxd4 gxh4 32. Bxh4 Qxa4 33. Bf6 Bb4 34.
Rxb4 Qxb4 35. Qe4 Rg5 36. Qe7+ 1-0

[Event "Staatsliga B/Mitte"]
[Site "Traun"]
[Date "1998.11.29"]
[Round "3.1"]
[White "Portisch, Ferenc"]
[Black "Haba, Petr"]
[Result "0-1"]
[WhiteElo "2375"]
[BlackElo "2515"]
[PlyCount "106"]
[EventDate "1998.11.27"]

1. d4 d5 2. Nf3 Nf6 3. Bf4 c5 4. e3 Qb6 5. Nc3 Bd7 6. Rb1 e6 7. Be2 Be7 8. O-O
O-O 9. Ne5 cxd4 10. exd4 Rc8 11. a3 Be8 12. Bd3 Nc6 13. Ne2 Nxe5 14. Bxe5 Bb5
15. c3 Bxd3 16. Qxd3 Nd7 17. Bg3 a5 18. Qf3 Qa7 19. Nf4 b5 20. Qe2 Qb7 21. Nxe6
fxe6 22. Qxe6+ Kf8 23. Rfe1 Nf6 24. Re5 b4 25. axb4 axb4 26. Rbe1 bxc3 27. bxc3
Ba3 28. Bh4 Ra6 29. Qf5 g6 30. Qf4 Qf7 31. Qf3 Rd8 32. Qd3 Rda8 33. h3 Kg7 34.
R5e3 Bf8 35. Rf3 Qd7 36. c4 dxc4 37. Qxc4 Nd5 38. Bg3 Ra1 39. Be5+ Kg8 40. Rxa1
Rxa1+ 41. Kh2 Ra8 42. Rf6 Qb7 43. f4 Rd8 44. Rc6 Qf7 45. Qa4 Bg7 46. Qa5 Re8
47. Qd2 Bh6 48. g3 Ra8 49. Rc2 Bf8 50. Rb2 Ra3 51. g4 Ne3 52. Qe2 Nc4 53. Rc2
Nxe5 0-1

[Event "Staatsliga B/Mitte"]
[Site "Traun"]
[Date "1998.11.29"]
[Round "3.3"]
[White "Tkaczuk, Rainer"]
[Black "Mayr, Klaus"]
[Result "1/2-1/2"]
[WhiteElo "2260"]
[BlackElo "2310"]
[PlyCount "26"]
[EventDate "1998.11.27"]

1. d4 e6 2. e4 d5 3. exd5 exd5 4. Bf4 Bd6 5. Bxd6 Qxd6 6. c3 Ne7 7. Bd3 O-O 8.
Ne2 Bf5 9. O-O Nd7 10. Ng3 Bxd3 11. Qxd3 Rfe8 12. Nd2 c6 13. Rfe1 Qg6 1/2-1/2

[Event "Staatsliga B/Mitte"]
[Site "Traun"]
[Date "1998.11.29"]
[Round "3.4"]
[White "Brandstaetter, Friedrich"]
[Black "Karner, Christoph"]
[Result "1/2-1/2"]
[WhiteElo "2135"]
[BlackElo "2175"]
[PlyCount "52"]
[EventDate "1998.11.27"]

1. e4 c5 2. Nf3 d6 3. d4 cxd4 4. Nxd4 Nf6 5. Nc3 a6 6. Be2 e5 7. Nb3 Be7 8. O-O
O-O 9. a4 Be6 10. f4 exf4 11. Bxf4 Nc6 12. Kh1 Rc8 13. Nd4 Nxd4 14. Qxd4 Ne8
15. e5 dxe5 16. Bxe5 Bf6 17. Bxf6 Nxf6 18. Rad1 Qa5 19. Bd3 Qh5 20. Rde1 Rcd8
21. Qf4 Nd5 22. Nxd5 Qxd5 23. Re5 Qd4 24. Qxd4 Rxd4 25. Re4 Rfd8 26. Rfe1 Kf8
1/2-1/2

[Event "Staatsliga B/Mitte"]
[Site "Traun"]
[Date "1998.11.29"]
[Round "3.5"]
[White "Kilgus, Georg"]
[Black "Hainzinger, Johann"]
[Result "1-0"]
[WhiteElo "2210"]
[BlackElo "2065"]
[PlyCount "111"]
[EventDate "1998.11.27"]

1. Nf3 c5 2. e4 d6 3. d3 g6 4. g3 Bg7 5. Bg2 Nc6 6. O-O e6 7. c3 Nge7 8. d4 O-O
9. Be3 Qb6 10. b3 f5 11. Nbd2 cxd4 12. cxd4 fxe4 13. Nxe4 Nf5 14. Nxd6 Nxd6 15.
d5 Qc7 16. dxc6 Bxa1 17. Qxa1 Nf5 18. Bf4 Qxc6 19. Rc1 Qe8 20. Qe5 Bd7 21. Rc7
h6 22. Bd2 Rf7 23. g4 Ng7 24. Nd4 Bc6 25. Nxc6 Rxc7 26. Qxc7 bxc6 27. Bxh6 Qf7
28. Qxc6 Rd8 29. Bf1 Kh7 30. Be3 Rd1 31. Kg2 Qd7 32. Qxd7 Rxd7 33. a4 a5 34.
Bc4 Rb7 35. Bd2 Ra7 36. Kf3 Kg8 37. Kf4 Kf7 38. Kg5 Ne8 39. Bd3 Rd7 40. Bxg6+
Ke7 41. Be3 Rd5+ 42. Kf4 Nd6 43. h4 e5+ 44. Kf3 Rd1 45. Bb6 Rh1 46. Bxa5 Rh3+
47. Kg2 Rxb3 48. Bd2 Kf6 49. h5 Nc4 50. Bh6 Ra3 51. g5+ Ke7 52. Bg7 Rxa4 53. h6
Ra6 54. Bd3 Rc6 55. Bxc4 Rxc4 56. h7 1-0

[Event "Staatsliga B/Mitte"]
[Site "Traun"]
[Date "1998.11.29"]
[Round "3.1"]
[White "Uhlmann, Wolfgang"]
[Black "Rotstein, Arkadij"]
[Result "1/2-1/2"]
[WhiteElo "2460"]
[BlackElo "2515"]
[PlyCount "81"]
[EventDate "1998.11.27"]

1. c4 e6 2. Nc3 Bb4 3. Nf3 b6 4. Qb3 Qe7 5. Nb5 Na6 6. a3 Bd6 7. d4 Nf6 8. Bg5
h6 9. Bh4 g5 10. Nxd6+ cxd6 11. Bg3 Ne4 12. Nd2 Nxg3 13. hxg3 Bb7 14. e3 Nc7
15. f3 Kf8 16. Bd3 Kg7 17. Kf2 f5 18. c5 dxc5 19. dxc5 Nd5 20. Rac1 Bc6 21.
cxb6 Rab8 22. Nc4 Qf6 23. Qc2 Nxb6 24. b4 Nxc4 25. Bxc4 a5 26. Qd2 axb4 27.
axb4 Rb7 28. b5 Rhb8 29. Be2 Bxb5 30. Bxb5 Rxb5 31. Qxd7+ Qf7 32. Qxf7+ Kxf7
33. Rxh6 Rb2+ 34. Kg1 Rb1 35. Rh7+ Kf6 36. Rhc7 Rxc1+ 37. Rxc1 Rb2 38. Re1 Ke5
39. Kf1 g4 40. Re2 Rb1+ 41. Kf2 {Rest unleserlich Remis nach 58 Zuegen} 1/2-1/2

[Event "Staatsliga B/Mitte"]
[Site "Traun"]
[Date "1998.11.29"]
[Round "3.2"]
[White "Weber, Gerold"]
[Black "Wegener, Dirk"]
[Result "1-0"]
[WhiteElo "2395"]
[BlackElo "2305"]
[PlyCount "107"]
[EventDate "1998.11.27"]

1. d4 Nf6 2. Nf3 g6 3. c4 Bg7 4. Nc3 O-O 5. e4 d6 6. Be2 e5 7. O-O Nc6 8. d5
Ne7 9. Ne1 Nd7 10. Nd3 f5 11. Bd2 Nf6 12. f3 f4 13. c5 g5 14. cxd6 cxd6 15. Nf2
Ng6 16. Qc2 h5 17. h3 Ne8 18. Rfc1 Bf6 19. a4 Nh8 20. a5 Nf7 21. Ra3 Nh6 22.
Nb5 g4 23. fxg4 hxg4 24. Nxg4 Bxg4 25. hxg4 Bh4 26. Rh3 a6 27. Na3 Qg5 28. g3
Nxg4 29. gxh4 Qg7 30. Bxg4 Qxg4+ 31. Kh2 Qe2+ 32. Kh1 Nf6 33. Re1 Qh5 34. Qd3
Kh8 35. Qf3 Qh7 36. Nc4 Rad8 37. Bb4 Qc7 38. b3 Rg8 39. h5 Nh7 40. Qf2 Rg5 41.
h6 Rg6 42. Rh2 Rdg8 43. Nxd6 Nf6 44. Rh3 Ng4 45. Qe2 Qe7 46. Bc5 f3 47. Qxf3
Rf6 48. Qe2 Qf8 49. h7 Rgg6 50. Rg1 Qh6 51. Nf7+ Rxf7 52. Qxg4 Rfg7 53. Qc8+
Kxh7 54. Rxg6 1-0

[Event "Staatsliga B/Mitte"]
[Site "Traun"]
[Date "1998.11.29"]
[Round "3.3"]
[White "Baumgartner, Heinz"]
[Black "Wukits, Rene"]
[Result "0-1"]
[WhiteElo "2300"]
[BlackElo "2230"]
[PlyCount "154"]
[EventDate "1998.11.27"]

1. Nf3 Nf6 2. g3 b5 3. Bg2 Bb7 4. O-O e6 5. c3 c5 6. Qb3 a6 7. a4 Bd5 8. Qc2 b4
9. d3 d6 10. cxb4 cxb4 11. a5 Nbd7 12. Qa4 Rb8 13. Bd2 Rb5 14. Bxb4 Qb8 15. Bc3
Nc5 16. Qd1 Nb3 17. Ra4 e5 18. Na3 Rb7 19. Nc2 Nc5 20. Rb4 Be7 21. Rxb7 Bxb7
22. Ne3 O-O 23. b4 Ne6 24. Qb3 Rc8 25. Rb1 Bc6 26. Nd2 d5 27. Nf5 Bf8 28. d4 e4
29. f3 g6 30. Nh4 Qa7 31. e3 Bh6 32. f4 Ng4 33. Bb2 Qd7 34. Rc1 Rb8 35. Qc3 Bb5
36. Nb3 Bg7 37. h3 Nh6 38. Qe1 Qe7 39. g4 Bf6 40. g5 Nxg5 41. fxg5 Bxg5 42. Qg3
Rf8 43. Rc5 Bxh4 44. Qe5 Qg5 45. Bc1 Ba4 46. Qxg5 Bxg5 47. Rxd5 Bxb3 48. Rxg5
f5 49. Bf1 Rc8 50. Bd2 Bc4 51. Kf2 Nf7 52. Rg1 Nd6 53. Bg2 Bb5 54. Rc1 Rxc1 55.
Bxc1 Kf7 56. Kg3 Ke6 57. Kf4 h6 58. h4 Bd3 59. Bd2 Kd5 60. Bh3 Ke6 61. Kg3 g5
62. hxg5 hxg5 63. b5 Nxb5 64. Bb4 Nc7 65. Bd2 Nd5 66. Kf2 Bc4 67. Kg3 Nf6 68.
Bb4 Nd5 69. Bd2 Kf6 70. Bg2 Kg6 71. Bh3 Nf6 72. Bb4 Nh5+ 73. Kf2 f4 74. Bd7 Nf6
75. Bc8 fxe3+ 76. Kxe3 Nd5+ 77. Kd2 e3+ 0-1

[Event "Staatsliga B/Mitte"]
[Site "Traun"]
[Date "1998.11.29"]
[Round "3.4"]
[White "Kreindl, Helmut"]
[Black "Rolletschek, Heinrich"]
[Result "1/2-1/2"]
[WhiteElo "2270"]
[BlackElo "2300"]
[PlyCount "122"]
[EventDate "1998.11.27"]

1. e4 e5 2. Bc4 Nf6 3. d3 Bc5 4. Nf3 d6 5. O-O O-O 6. c3 Bb6 7. a4 c6 8. Be3 d5
9. exd5 cxd5 10. Ba2 Bxe3 11. fxe3 Nc6 12. b4 Qd6 13. h3 Be6 14. Ng5 Bd7 15. e4
d4 16. b5 Nd8 17. c4 Ne6 18. Nxe6 Bxe6 19. Nd2 Nd7 20. Nb3 Nc5 21. Nxc5 Qxc5
22. a5 g6 23. Bb3 Kg7 24. Qf3 f6 25. Bd1 h5 26. Qg3 Rh8 27. h4 Raf8 28. Bf3 Kf7
29. Ra2 Ke7 30. Raf2 Rhg8 31. Ra2 Bd7 32. Qe1 Be8 33. Kh1 Rg7 34. g3 Bd7 35.
Kh2 Be6 36. Bg2 g5 37. Bh3 g4 38. Bg2 Bf7 39. Qd2 Rh7 40. Qe1 Bg6 41. Raf2 Rff7
42. Qd2 Rh8 43. Kh1 Rff8 44. Kh2 Be8 45. Ra1 Rfg8 46. a6 b6 47. Rb1 Bd7 48. Qb4
Qxb4 49. Rxb4 Rc8 50. Rb1 Rhf8 51. Rbf1 Be8 52. Kg1 Bg6 53. Rf5 Rf7 54. R1f2
Rcf8 55. Bf1 Kd6 56. Be2 Kc5 57. Kf1 Kb4 58. Ke1 Kc3 59. Kd1 Bxf5 60. Rxf5 Rc7
61. Bf1 Rh7 1/2-1/2

[Event "Staatsliga B/Mitte"]
[Site "Traun"]
[Date "1998.11.29"]
[Round "3.5"]
[White "Niedermayr, Horst"]
[Black "Froeschl, Felix"]
[Result "1/2-1/2"]
[WhiteElo "2225"]
[BlackElo "2240"]
[PlyCount "55"]
[EventDate "1998.11.27"]

1. e4 c5 2. Nf3 d6 3. c3 Nf6 4. Be2 e6 5. O-O Be7 6. Re1 O-O 7. Bf1 b6 8. d4
Bb7 9. Bd3 d5 10. e5 Ne4 11. Nbd2 Nxd2 12. Bxd2 Ba6 13. Bc2 Nd7 14. Rc1 Re8 15.
Bb1 Nf8 16. Qa4 Bc8 17. Qd1 a5 18. a3 Ba6 19. a4 Ra7 20. Be3 Rc7 21. Qd2 Qd7
22. Bc2 Rec8 23. Bg5 Qd8 24. Bxe7 Qxe7 25. Qf4 Ng6 26. Qg4 cxd4 27. Nxd4 Qh4
28. Qxh4 1/2-1/2

[Event "Staatsliga B/Mitte"]
[Site "Traun"]
[Date "1998.11.29"]
[Round "3.1"]
[White "Beim, Valery"]
[Black "Farago, Ivan"]
[Result "1/2-1/2"]
[WhiteElo "2565"]
[BlackElo "2530"]
[PlyCount "27"]
[EventDate "1998.11.27"]

1. c4 Nf6 2. Nc3 e5 3. Nf3 Nc6 4. a3 g6 5. e3 Bg7 6. d4 exd4 7. exd4 d5 8. cxd5
Nxd5 9. Bg5 Qd6 10. Bc4 Nxc3 11. bxc3 O-O 12. O-O b6 13. Re1 Bb7 14. Re3
1/2-1/2

[Event "Staatsliga B/Mitte"]
[Site "Traun"]
[Date "1998.11.29"]
[Round "3.2"]
[White "Heimberger, Reinhard"]
[Black "Druckenthaner, Andreas"]
[Result "1-0"]
[WhiteElo "2280"]
[BlackElo "2305"]
[PlyCount "67"]
[EventDate "1998.11.27"]

1. c4 Nf6 2. Nc3 g6 3. g3 Bg7 4. Bg2 O-O 5. e4 d6 6. Nge2 c5 7. O-O Nc6 8. d3
Rb8 9. h3 a6 10. f4 Bd7 11. Be3 b5 12. Qd2 Qc8 13. Kh2 Re8 14. Rac1 bxc4 15.
dxc4 Qc7 16. b3 Rbd8 17. g4 Kh8 18. Ng3 e6 19. g5 Ng8 20. h4 Nge7 21. h5 Kg8
22. h6 Bh8 23. Qf2 Nd4 24. Nce2 Nec6 25. Nxd4 Nxd4 26. Ne2 Nc6 27. Bd2 f6 28.
Bc3 fxg5 29. Bxh8 Kxh8 30. fxg5 d5+ 31. Ng3 Qe5 32. exd5 exd5 33. Rce1 Qd6 34.
Qf7 1-0

[Event "Staatsliga B/Mitte"]
[Site "Traun"]
[Date "1998.11.29"]
[Round "3.3"]
[White "Steiner, Guenther"]
[Black "Trauner, Rudolf"]
[Result "0-1"]
[WhiteElo "2240"]
[BlackElo "2255"]
[PlyCount "72"]
[EventDate "1998.11.27"]

1. e4 e5 2. Nf3 Nc6 3. Bc4 Be7 4. d4 exd4 5. c3 d3 6. Qb3 Na5 7. Bxf7+ Kf8 8.
Qa4 Kxf7 9. Qxa5 c5 10. Qb5 d6 11. Qxd3 Nh6 12. Qd5+ Be6 13. Qh5+ Kg8 14. Bg5
Qb6 15. b3 Bg4 16. Qh4 Bxg5 17. Qxg5 Bxf3 18. gxf3 Nf7 19. Qd5 Re8 20. Nd2 Re5
21. Qd3 Qd8 22. Nc4 Re6 23. O-O-O h5 24. a4 Rhh6 25. Rhg1 Qh4 26. Rg2 Rhf6 27.
Rdg1 g5 28. Qd5 b6 29. Qa8+ Kh7 30. Qxa7 Rxf3 31. Rxg5 Qxe4 32. Rg7+ Kh6 33.
Rxf7 Rxc3+ 34. Kb2 Rxb3+ 35. Kxb3 Qd3+ 36. Kb2 Re2+ 0-1

[Event "Staatsliga B/Mitte"]
[Site "Traun"]
[Date "1998.11.29"]
[Round "3.5"]
[White "Kreischer, Georg"]
[Black "Dornauer, Joachim"]
[Result "1/2-1/2"]
[WhiteElo "2155"]
[BlackElo "2160"]
[PlyCount "149"]
[EventDate "1998.11.27"]

1. e4 c5 2. Nf3 d6 3. d4 cxd4 4. Nxd4 Nf6 5. Nc3 a6 6. Be3 e5 7. Nb3 Be7 8. Be2
O-O 9. f3 Be6 10. O-O b5 11. Qd2 Nbd7 12. Rfd1 Nb6 13. Na5 Qc7 14. Kh1 b4 15.
Nb1 d5 16. Bxb6 Qxb6 17. exd5 Nxd5 18. Nc4 Qc7 19. Qe1 Nf4 20. Nbd2 Rfd8 21.
Bf1 Rd5 22. b3 Rad8 23. Ne3 Rd4 24. Ndc4 Bc5 25. Rdc1 f6 26. a3 a5 27. axb4
axb4 28. Ra6 Bc8 29. Ra8 Bb7 30. Rxd8+ Rxd8 31. Nf5 Qd7 32. Ng3 Qd4 33. Ne2
Nxe2 34. Bxe2 Qf2 35. Qxf2 Bxf2 36. g3 e4 37. Kg2 Bd4 38. Rd1 Kf8 39. Ne3 g6
40. fxe4 Bxe4+ 41. Bf3 Bxf3+ 42. Kxf3 f5 43. Ng2 Ke7 44. Nf4 Kf6 45. h3 g5 46.
Nh5+ Kg6 47. g4 f4 48. h4 h6 49. hxg5 hxg5 50. Re1 Kf7 51. Re4 Bc3 52. Rc4 Rd2
53. Rc5 Rxc2 54. Rxg5 Rb2 55. Rf5+ Ke7 56. Nxf4 Rxb3 57. Ke4 Rb1 58. Rb5 Bd2
59. Nd5+ Kf7 60. Kd3 Be1 61. Kc2 Ra1 62. Ne3 Ra3 63. Nf5 Rh3 64. Kd1 Bc3 65.
Ke2 Kg6 66. Ne7+ Kf7 67. Nd5 Rg3 68. Ne3 Kg6 69. Kf2 Rh3 70. Nd5 Kg7 71. Rb7+
Kh6 72. Nf4 Rh1 73. Kg2 Rd1 74. Kf3 Rf1+ 75. Ke4 {Remis nach 113 Zuegen!!!}
1/2-1/2